000
00266nam a2200109Ia 4500
008
230907s9999||||xx |||||||||||||| ||und||
082
_a
518
_b
MAT
245
0
_a
Numerical methods using MATLAB /
260
_a
Pearson,
_b
Noida :
_c
2015
300
_a
680 p.
942
_c
BK
999
_c
600342
_d
600342